Dictionary of environmatal science / (Record no. 134086)

MARC details
000 -LEADER
fixed length control field 00701nam a22002297a 4500
005 - DATE AND TIME OF LATEST TRANSACTION
control field 20170124110220.0
010 ## - LIBRARY OF CONGRESS CONTROL NUMBER
LC control number B-130264
020 ## - INTERNATIONAL STANDARD BOOK NUMBER
Terms of availability 395.00
035 ## - SYSTEM CONTROL NUMBER
System control number B-130264
037 ## - SOURCE OF ACQUISITION
Source of stock number/acquisition Cen Lib/Ret
040 ## - CATALOGING SOURCE
Original cataloging agency DPL
Language of cataloging EN
082 ## - DEWEY DECIMAL CLASSIFICATION NUMBER
Classification number 362.7
Item number WYM
100 ## - MAIN ENTRY--PERSONAL NAME
Personal name Wyman, Bruce
9 (RLIN) 39747
245 ## - TITLE STATEMENT
Title Dictionary of environmatal science /
Statement of responsibility, etc by Bruce Wyman [and] L. Harold Stevenson
260 ## - PUBLICATION, DISTRIBUTION, ETC. (IMPRINT)
Place of publication, distribution, etc Mumbai
Name of publisher, distributor, etc Jaico publishing house
Date of publication, distribution, etc 2003
270 ## - ADDRESS
City Mumbai
Address 121, M.G. road
Postal code 400023
300 ## - PHYSICAL DESCRIPTION
Extent v,458p.
Dimensions 22cm(pbk)
500 ## - GENERAL NOTE
General note Includes appendix
650 ## - SUBJECT ADDED ENTRY--TOPICAL TERM
Topical term or geographic name as entry element Environmetal science
Form subdivision Dictioanry
9 (RLIN) 39748
700 ## - ADDED ENTRY--PERSONAL NAME
Personal name Stevenson, L. Harold
9 (RLIN) 39746
942 ## - ADDED ENTRY ELEMENTS (KOHA)
Source of classification or shelving scheme Dewey Decimal Classification
Koha item type English Books
Classification part 362.7
Call number suffix WYM
Holdings
Withdrawn status Lost status Damaged status Not for loan Collection code Home library Current library Date acquired Source of acquisition Cost, normal purchase price Total Checkouts Full call number Barcode Date last seen Copy number Cost, replacement price Price effective from Koha item type
      Not For Loan Reference Central Library Central Library 28/07/2015 Cen Lib/Ret 395.00   362.7 WYM B-130264 28/07/2015 100.00 395.00 28/07/2015 English Books

© Delhi Public Library
Hit Counter
free hit counter